000 01019nam a22002297a 4500
999 _c8768
_d8768
003 AR-CdUCM
008 190325b ||||| |||| 00| 0 spa d
040 _aMUNICIPALIDAD PROVINCIAL DEL CUSCO
_cBIBLIOTECA MUNICIPAL DEL CUSCO
082 _a301 /
_bL33
100 _aLeach, E.R.
_924458
245 _aReplanteamiento de la antropología /
260 _aBarcelona :
_bSeix Barral,
_c1961.
300 _a225 páginas ;
_c19.5 cm.
440 _aCiencias Humanas
_n : 309
_924459
505 _aContenido: Replanteamiento de la antropología social -- La terminología del parentesco -- Las implicaciones estructurales del matrimonio matrilateral entre primos cruzados -- La poliandría, la herencia y la definición del matrimonio: con particular referencia al derecho conseutudinario cingalés ...
650 _aAntropología
_9878
650 _aParentesco
_916385
650 _aCostumbres y ritos matrimoniales
_924460
700 _aLlobera, José R. (Traducción)
_924461
942 _2ddc
_cLIBROS
945 _alccs